| 000 | 00904nam a2200265 i 4500 | ||
|---|---|---|---|
| 001 | 67127 | ||
| 003 | ES-MaACL | ||
| 005 | 20250806062531.0 | ||
| 007 | t| | ||
| 008 | 050406s2003 sp ||||0| spa d | ||
| 040 |
_aM-BN _bspa _cM-BN |
||
| 080 | _a352(460.27 M.)"1202" | ||
| 080 | _a94(460.27 M.)"12" | ||
| 100 | 1 |
_aAguinaga, Enrique de. _918800 |
|
| 245 | 1 | 4 |
_aLos madrileños del fuero / _cpor Enrique de Aguinaga. |
| 260 |
_aMadrid : _bAyuntamiento : _bInstituto de Estudios Madrileños, _c2003. |
||
| 300 |
_a32 p. ; _c21 cm. |
||
| 490 | 1 |
_aCiclo de conferencias: El Fuero de Madrid de 1202 ; _v8 |
|
| 650 | 1 | 4 |
_aFueros- _zMadrid. _912992 |
| 651 | 4 |
_aMadrid- _xHistoria- _yS.XIII. _98968 |
|
| 710 | 2 |
_aInstituto de Estudios Madrileños _94916 |
|
| 830 | 0 |
_aCiclo de conferencias: El Fuero de Madrid de 1202 ; _v8 _9183117 |
|
| 852 |
_aES-MaACL _j2174-F-8 _bR.133050 |
||
| 999 |
_c67127 _d67127 |
||